Типоморфные особенности магнетита Коршуновского и Теского месторождений (по материалам изучения руд и агломератов): автореферат диссертации на соискание ученой степени кандидата геолого-минералогических наук; спец. 04.00.20

Dettagli Bibliografici
Autore principale: Пермяков А. А. Арнольд Аркадьевич
Ente Autore: Академия наук СССР Сибирское отделение Институт геологии и геофизики
Altri autori: Дымкин А. М. Александр Михайлович (научный руководитель)
Riassunto:Защита сост. 22.06.1979 г.
Lingua:russo
Pubblicazione: Новосибирск, [Б. и.], 1979
Soggetti:
Natura: Libro
KOHA link:https://koha.lib.tpu.ru/cgi-bin/koha/opac-detail.pl?biblionumber=368764

MARC

LEADER 00000nam0a2200000 4500
001 368764
005 20231102012121.0
035 |a (RuTPU)RU\TPU\retro\26146 
090 |a 368764 
100 |a 20220419d1979 k y0rusy50 ca 
101 0 |a rus 
102 |a RU 
105 |a y dm 001zy 
200 1 |a Типоморфные особенности магнетита Коршуновского и Теского месторождений (по материалам изучения руд и агломератов)  |e автореферат диссертации на соискание ученой степени кандидата геолого-минералогических наук  |e спец. 04.00.20  |f А. А. Пермяков  |g Академия наук СССР, Сибирское отделение, Институт геологии и геофизики ; науч. рук. А. М. Дымкин 
210 |a Новосибирск  |c [Б. и.]  |d 1979 
215 |a 18 с. 
300 |a Защита сост. 22.06.1979 г. 
320 |a Библиогр.: с. 17-18 (17 назв.) 
606 1 |a Магнетит  |x Минералогия  |2 stltpush  |3 (RuTPU)RU\TPU\subj\72338  |9 85899 
606 1 |a Магнетитовые месторождения  |2 stltpush  |3 (RuTPU)RU\TPU\subj\40711  |9 60551 
610 1 |a Коршуновское месторождение 
610 1 |a Тейское месторождение 
610 1 |a геологическое строение 
610 1 |a Сибирь 
610 1 |a магнетитовые руды 
610 1 |a изоморфизм 
610 1 |a морфотропные превращения 
610 1 |a кристалломорфология 
610 1 |a авторефераты диссертаций 
675 |a 549.73(04)  |v 4 
675 |a 553.311(04)(04)  |v 4 
686 |a 04.00.20  |2 oksvnk 
700 1 |a Пермяков  |b А. А.  |g Арнольд Аркадьевич 
702 1 |a Дымкин  |b А. М.  |g Александр Михайлович  |4 727 
712 0 2 |a Академия наук СССР  |b Сибирское отделение  |b Институт геологии и геофизики  |c (Новосибирск)  |c (1957-1990)  |2 stltpush  |3 (RuTPU)RU\TPU\col\128  |9 23211 
801 1 |a RU  |b 63413507  |c 20220419 
801 2 |a RU  |b 63413507  |c 20220420  |g RCR 
942 |c BK